Volume by moment; (Record no. 10073)
[ view plain ]
| 000 -LEADER | |
|---|---|
| fixed length control field | 00961cam a22002411 4500 |
| 001 - CONTROL NUMBER | |
| control field | agr41000052 |
| 003 - CONTROL NUMBER IDENTIFIER | |
| control field | DLC |
| 005 - DATE AND TIME OF LATEST TRANSACTION | |
| control field | 20260227110959.0 |
| 008 - FIXED-LENGTH DATA ELEMENTS--GENERAL INFORMATION | |
| fixed length control field | 800319s1940 nyu 000 0 eng |
| 010 ## - LIBRARY OF CONGRESS CONTROL NUMBER | |
| LC control number | agr41000052 |
| 035 ## - SYSTEM CONTROL NUMBER | |
| System control number | (OCoLC)6106941 |
| 040 ## - CATALOGING SOURCE | |
| Original cataloging agency | DLC |
| Transcribing agency | TxCM |
| Modifying agency | DLC |
| 042 ## - AUTHENTICATION CODE | |
| Authentication code | premarc |
| 050 00 - LIBRARY OF CONGRESS CALL NUMBER | |
| Classification number | SD555 |
| Item number | .S25 |
| 100 1# - MAIN ENTRY--PERSONAL NAME | |
| Personal name | Sammi, John Cogswell. |
| 245 10 - TITLE STATEMENT | |
| Title | Volume by moment; |
| Remainder of title | presenting a new method for obtaining the volume of trees, primarily applicable to volume table construction, and also a new method for obtaining the equation of a tree profile. |
| Statement of responsibility, etc. | By John C. Sammi. |
| 260 ## - PUBLICATION, DISTRIBUTION, ETC. | |
| Place of publication, distribution, etc. | Syracuse, N.Y., |
| Date of publication, distribution, etc. | 1940. |
| 300 ## - PHYSICAL DESCRIPTION | |
| Extent | 18 p. |
| 490 1# - SERIES STATEMENT | |
| Series statement | New York State College of Forestry at Syracuse University. Technical publication |
| Volume/sequential designation | no. 52 |
| 490 0# - SERIES STATEMENT | |
| Series statement | Bulletin, v. 13, no. 3-b |
| 650 #0 - SUBJECT ADDED ENTRY--TOPICAL TERM | |
| Topical term or geographic name entry element | Forests and forestry |
| General subdivision | Measurement. |
| 810 2# - SERIES ADDED ENTRY--CORPORATE NAME | |
| Corporate name or jurisdiction name as entry element | State University College of Forestry at Syracuse University. |
| Title of a work | Technical publication ; |
| Volume/sequential designation | no. 52. |
No items available.